Alphabet grec ancien MAJUSCULES - nom des lettres - Statistiques

Statistiques générales
  • Ce quiz a été pris 204 fois
  • Le résultat moyen est 17 sur 24
Statistiques - réponses
Par images Réponse % Correct
delta
91%
oméga
91%
bêta
87%
alpha
86%
zeta | dzeta
84%
pi
81%
epsilon
77%
kappa
74%
mu
74%
nu
74%
iota
73%
omikron
73%
tau
73%
sigma
72%
psi
71%
rhô
70%
phi
67%
gamma
65%
lambda
65%
chi | khi
60%
thêta
59%
upsilon
58%
êta
57%
xi | ksi
45%
Aucun quiz correspondant
Distribution des résultats
% des personnes avec chaque résultat
Percentile par nombre de réponses
Votre historique - résultats
Vous n’avez pas pris ce quiz